Miasta powiatowe (woj. mazowieckie) - Statystyki

Ogólne statystyki
  • Ten quiz został rozwiązany 284 razy
    275 od ostatniego zresetowania
  • Średni wynik to 22 z 38
Statystyki odpowiedzi
Liczba ludności Miasto % Poprawnych
1 769 529 Warszawa
100%
213 910 Radom
96%
120 403 Płock
94%
77 732 Siedlce
86%
61 518 Pruszków
84%
52 461 Ostrołęka
80%
54 172 Legionowo
79%
37 115 Wołomin
78%
44 251 Ciechanów
72%
44 865 Otwock
72%
40 673 Mińsk Mazowiecki
71%
47 929 Piaseczno
71%
40 139 Żyrardów
70%
31 181 Grodzisk Mazowiecki
68%
31 216 Mława
67%
28 660 Nowy Dwór Mazowiecki
62%
11 792 Płońsk
62%
36 634 Sochaczew
62%
16 729 Grójec
59%
26 944 Wyszków
57%
17 421 Garwolin
56%
19 444 Pułtusk
52%
18 076 Sierpc
49%
22 624 Ostrów Mazowiecka
48%
8 932 Żuromin
45%
18 666 Gostynin
44%
17 198 Przasnysz
44%
18 940 Sokołów Podlaski
44%
12 717 Węgrów
43%
17 431 Kozienice
42%
7 008 Białobrzegi
39%
9 828 Maków Mazowiecki
39%
7 794 Zwoleń
36%
7 076 Łosice
35%
11 389 Ożarów Mazowiecki
35%
11 823 Szydłowiec
33%
5 906 Przysucha
32%
5 560 Lipsko
31%
Nie znaleziono quizów pasujących do podanych kryteriów
Rozkład punktacji
Procent ludzi z każdym wynikiem
Percentyl według liczby udzielonych odpowiedzi
Twoja historia wyników
Nie rozwiązałeś tego quizu od ostatniego zresetowania